000
00305 a2200145 4500
245
_a
Electrothérapie
100
_a
Dumoulin, J.
700
_a
De Bisoshop, G.
260
_c
1966
300
_a
VII-578 p.
035
_a
7615
999
_c
17515
_d
17515